000
00416nam a2200157 4500
008
b fr fre u
020
_a
9782725621944
040
_a
LB-BrCRDP
082
1
_a
G S
_b
Marionnette
245
1
0
_a
Jeu ... Marionnette Mika
_b
Poupée marionnette
260
_a
Paris
_b
Retz
650
4
_a
Jeux
650
4
_a
Français
942
_c
BK
999
_c
1684
_d
1684